000 01155nam a22002537a 4500
001 4187
003 FISKH
005 20240626100234.0
008 240626b cb ||||| |||| 00| 0 eng d
020 _a9781782444770
040 _aFISKH
_beng
_cFISKH
_dFISKH
050 _aPZ7.H8735
082 _a823.92
100 _aHusband, Amy
245 _aThe very noisy foxes /
_cBy Amy Husband
260 _aSuffolk :
_bTop That,
_c2014.
300 _a32 unnumbered pages :
_bcolor illustrations ;
_c26 cm
505 _aJ
520 _a"Three noisy foxes are always banging and clanging and singing and stomping, until one day they decide that it might be nice to try to be quiet for a change. So, they set off in search of a quiet neighborhood to make their new home. They travel to many different parts of the quiet woods and meet many different quiet animals, but finally decide that it s just too quiet! The noisy foxes return to their nosy home and discover that they love it more than ever."--Provided by publisher.
521 8 _a470
_bLexile estimate
650 _aAnimals Home
_xPictures Book
942 _2ddc
_cBK
_n0
999 _c4187
_d4187